Car Brands - Sudden Death - Statistics

General Stats
  • This quiz has been taken 6,200 times
    6,184 since last reset
  • The average score is 11 of 16
Answers on the Grid
Answers color-coded by a green-red scale on the quiz's grid according to % correct below.
Dari
Renault
Audi
Honda
Founder
BMW
Lamborghini
Iris
Hyundai
MKG
Dwight
Toyota
Totaril
McLaren
Troller
Tangsu
Qinxiang
Jharapur
Ford
Coleman
Rigamo
Ferrari
Bugatti
RWD
Vauxhall
Jackrabbit
Boccelli
Aiways
Wrangler
Skana
Mazda
Fiat
 
Answer Stats
Answer % Correct
Audi
91%
BMW
91%
Honda
90%
Lamborghini
90%
Hyundai
88%
Toyota
86%
Ford
81%
Ferrari
79%
Renault
78%
Bugatti
77%
McLaren
77%
Fiat
73%
Mazda
73%
Vauxhall
39%
Troller
4%
Aiways
3%
No matching quizzes found
Score Distribution
Percent of People with Each Score
Percentile by Number Answered
Your Score History
You have not taken this quiz since the last reset